| 000 | 01508nac a22003611i 4500 | ||
|---|---|---|---|
| 003 | EG-ScBUE | ||
| 005 | 20240716132923.0 | ||
| 008 | 240401s2001 ua a f b 001 0 eng d | ||
| 020 | _a9774246667 | ||
| 035 | _a(OCoLC)ocm48402254 | ||
| 040 |
_aEG-ScBUE _beng _erda _cEG-ScBUE _dEG-ScBUE |
||
| 043 | _af-ua--- | ||
| 082 | 0 | 4 |
_a932 _bTRE _222 |
| 245 | 0 | 4 |
_aThe treasures of the Valley of the Kings : _btombs and temples of the Theban West Bank in Luxor / _cedited by Kent R. Weeks ; photographs by Araldo de Luca ; project editorial, Valeria Manferto De Fabianis, Laura Accomazzo ; graphic design, Clara Zanotti. |
| 264 | 1 |
_aCairo : _bThe American University in Cairo Press, _c2001. |
|
| 300 |
_a434 pages : _billustrations (chiefly color) ; _c37 cm |
||
| 336 |
_2rdacontent _atext _btxt |
||
| 337 |
_aunmediated _2rdamedia _bn |
||
| 338 |
_avolume _bnc _2rdacarrier |
||
| 504 | _aIncludes bibliographical references and index. | ||
| 650 | 7 |
_aTombs _zEgypt _zValley of the Kings. _2BUEsh |
|
| 651 | 7 |
_aValley of the Kings (Egypt) _2BUEsh |
|
| 651 | 7 |
_aEgypt _xCivilization _yTo 332 B.C. _2BUEsh |
|
| 651 | 7 |
_aEgypt _xAntiquities. _2BUEsh |
|
| 655 | _vReading book | ||
| 700 | 1 |
_aWeeks, Kent R., _eeditor. |
|
| 700 | 1 |
_aDe Luca, Araldo, _ephotographer. |
|
| 700 | 1 |
_aDe Fabianis, Valeria Manferto, _eeditor. |
|
| 700 | 1 |
_aAccomazzo, Laura, _eeditor. |
|
| 700 | 1 |
_aZanotti, Clara, _edesigner. |
|
| 856 | 4 | 2 |
_3Publisher description _uhttp://www.loc.gov/catdir/description/ste021/2002275213.html |
| 942 |
_cNB _2ddc |
||
| 999 |
_c2789 _d2789 |
||